Loghi delle squadre italiane - Serie A - Statistics

Statistiche generali
  • Questo quiz è stato fatto 117 volte
  • Il punteggio medio è 17 su 20
Statistiche sulle risposte
con Immagini Risposta % Corretto
Atalanta
100%
Bologna
100%
Inter
100%
Lazio
100%
Milan
100%
Napoli
100%
Roma
100%
Juventus
99%
Torino
97%
Fiorentina
96%
Udinese
94%
Como
91%
Genoa
88%
Parma
86%
Cagliari
82%
Hellas Verona
56%
Empoli
54%
Lecce
53%
Monza
46%
Venezia
45%
Nessun quiz corrispondente trovato
Distribuzione punteggi
Percentuale di utenti per punteggio
Percentile per numero di risposta
I tuoi punteggi nel tempo
Non hai fatto questo quiz